[Event "US op 123nd"]
[Site "Grand Rapids"]
[Date "2023.07.30"]
[Round "2"]
[White "Ray, Ujan"]
[Black "Riddell, John F"]
[Result "1/2-1/2"]
[WhiteElo "1924"]
[BlackElo "1962"]
[PlyCount "42"]
[EventDate "2023.07.29"]
[EventType "swiss"]
[EventRounds "9"]
[EventCountry "USA"]
[SourceTitle "CBM 215 Extra"]
[Source "ChessBase"]
[SourceDate "2023.09.30"]
[SourceVersion "1"]
[SourceVersionDate "2023.09.30"]
[SourceQuality "1"]

1. d4 g6 2. Nf3 Bg7 3. Nbd2 d6 4. e4 Nf6 5. Bc4 0-0 6. Qe2 c6 7. Bb3 Nh5 8. g3 e5 9. dxe5 dxe5 10. 0-0 Qc7 11. Rd1 Na6 12. c3 Nc5 13. Bc2 b6 14. b4 Ne6 15. Nc4 Ba6 16. Bd3 Rfd8 17. Ncxe5 Bxd3 18. Nxd3 Bxc3 19. Bb2 Nd4 20. Nxd4 Bxd4 21. Ne1 Bxb2 1/2-1/2